| 000 | 00501 a2200181 4500 | ||
|---|---|---|---|
| 001 | 068517 | ||
| 003 | OSt | ||
| 005 | 20220218144702.0 | ||
| 008 | |||
| 082 |
_a517.38 _bJ19C |
||
| 100 | 1 | _aJain, M.K. | |
| 110 | _aIvengar, S.R.K. | ||
| 245 | 1 |
_aComputational methods for partial differential equations _cby K.M. Jain |
|
| 260 |
_aNew Delhi _bNew Age _c2007 |
||
| 300 | _a244p. | ||
| 653 | _aDifferential equations, Partial--Numerical solutions | ||
| 942 |
_2ddc _cBK |
||
| 999 |
_c2175 _d2175 |
||